|
|
|
|
| LEADER |
02380nam a2200457 i 4500 |
| 001 |
nkc20233528454 |
| 003 |
CZ PrNK |
| 005 |
20231105081450.0 |
| 007 |
ta |
| 008 |
230629s2023 xr g 000 f cze |
| 015 |
|
|
|a cnb003528454
|
| 020 |
|
|
|a 978-80-257-3636-4
|q (vázáno)
|
| 035 |
|
|
|a (OCoLC)1408816469
|
| 040 |
|
|
|a ABG001
|b cze
|e rda
|
| 072 |
|
7 |
|a 821.162.3-3
|x Česká próza
|2 Konspekt
|9 25
|
| 080 |
|
|
|a 821.162.3-31
|2 MRF
|
| 080 |
|
|
|a (0:82-311.9)
|2 MRF
|
| 100 |
1 |
|
|a Kadlečková, Vilma,
|d 1971-
|7 jn19990209333
|4 aut
|
| 245 |
1 |
0 |
|a Mycelium.
|p Vidění /
|c Vilma Kadlečková
|
| 246 |
3 |
0 |
|a Vidění
|
| 250 |
|
|
|a Vydání druhé
|
| 264 |
|
1 |
|a Praha :
|b Argo,
|c 2023
|
| 300 |
|
|
|a 485 stran ;
|c 22 cm +
|e 1 mapa (40 x 48 cm složeno na 20 x 12 cm)
|
| 336 |
|
|
|a text
|b txt
|2 rdacontent
|
| 337 |
|
|
|a bez média
|b n
|2 rdamedia
|
| 338 |
|
|
|a svazek
|b nc
|2 rdacarrier
|
| 490 |
1 |
|
|a Fantastika ;
|v 144. svazek
|
| 520 |
2 |
|
|a Další pokračování románové sci-fi ságy Mycelium odehrávající se v argenitovém universu 27. století.
|b Když se össenská Loď vynoří z R-A prostoru mrtvá, pro Össeany je to důvod ke smutečním obřadům - a pro Pozemšťany drama. Členové posádky, kteří katastrofu přežili, mají být obětováni. Církev se nehodlá vzdát tisíciletých tradic kvůli životům několika lidí z planety, která se jim podřizuje čím dál víc. Lucas Hildebrandt pokusy o záchranu ignoruje. Necítí se jako hrdina, který by měl jednat: je jen stínem svého dřívějšího já, zbavený vůle, závislý na össenských drogách, vyhořelý. Sám už od sebe nic nečeká. A přesto je to právě on, kdo dokáže postřehnout podstatné věci. Tuší, že smrt Lodi je předzvěstí mnohem zásadnějších změn - změn, vůči kterým jsou Pozemšťané slepí. Nakladatelská anotace. Kráceno.
|
| 546 |
|
|
|a Český text
|
| 655 |
|
7 |
|a české romány
|7 fd133974
|2 czenas
|
| 655 |
|
7 |
|a vědecko-fantastické romány
|7 fd133847
|2 czenas
|
| 655 |
|
9 |
|a Czech fiction
|2 eczenas
|
| 655 |
|
9 |
|a science fiction novels
|2 eczenas
|
| 787 |
0 |
8 |
|i Z cyklu:
|t Mycelium
|g 4
|
| 830 |
|
0 |
|a Fantastika (Argo)
|0 s
|
| 910 |
2 |
|
|a BOA001
|b 2-1511.546
|
| 920 |
|
|
|a 4714102
|z ABG001
|
| 990 |
|
|
|a BK
|
| 995 |
|
|
|a 01
|
| 991 |
|
|
|b 202308
|c NOV
|
| 996 |
6 |
|
|b 2610946953
|c 2-1511.546
|l MZK
|r Sklad / do 1 hodiny
|n 0
|p p.v.
|w 001936547
|u 000010
|a 1
|e BOA001
|j MZK50
|s P
|